000
00310nam a2200121Ia 4500
008
220214s9999 xx 000 0 und d
100
_a
Norris William P
245
0
_a
Cyanoguanyl azide chemistry
260
_b
Journal of Organic Chemistry
_c
1964
300
_a
650-660
700
_a
Henry Ronald A
942
_c
RE
999
_c
45861
_d
45861